000 00752nam a2200217Ii 4500
003 JO-AjNU
008 230605s9999||||xx |||||||||||||| ||und||
017 _a1986/399
040 _aJO-AjNU
_bara
_erda
_cJO-AjNU
041 _aara
050 1 4 _aPJ7580 1985
100 3 _aراجي،صادق,
_eauthor
_910294
245 0 0 _aحكايات وقصص شعبية عراقية من مختلف الأزمنة والعصور
264 3 1 _aبغداد:مكتبة آفاق العربية،1986
300 _a247ص
336 _atext
_btxt
_2rdacontent
337 _aunmediated
_bn
_2rdamedia
338 _avolume
_bnc
_2rdacarrier
490 0 _aيقدم من تراثنا الشعبي سلسلة (1)
650 4 _a القصص الشعبية - العراق
_910295
999 _aA1734
_c5302
_d5302